000 00657nam a2200241Ia 4500
003 OSt
005 20220924131834.0
006 a|||||r|||| 00| 0
007 ta
008 220923b |||||||| |||| 00| 0 tel d
024 _a347675
037 _cTextual
040 _aARTS
_cARTS
_btel
041 _2tel
_atel
082 _aQ25:22, 35J6
100 _aGajje Satya Narayana Gupta Au.
_9203034
245 0 _aKanyaka Praranamu
260 _aVijayawada
_bIndia
_c1956
300 _a184p.
_ccm.
650 _aTELUGU LITERATURE
942 _hQ25:22, 35J6
_cTEXL
_2CC
999 _c428374
_d428374